| 000 | 00544 a2200157 4500 | ||
|---|---|---|---|
| 003 | Nust | ||
| 005 | 20230222122329.0 | ||
| 040 | _cNust | ||
| 082 | _a621.3822,TMS | ||
| 245 |
_aTMS320C5X Digitat Signal Processing Teaching kit / _bStudent's Guide |
||
| 260 |
_bTexas Instruments _c1997 _aUSA |
||
| 300 | _avarious paging | ||
| 505 | _aIntroduction to DSP (Page-1), From analog to Digital (Page-2), Filtering (Page-3), The Frequency Domain (Page-4), Applications of DSP (Page-5). | ||
| 650 | _aTelecommunication engineering | ||
| 942 |
_2ddc _cBK |
||
| 999 |
_c189124 _d189124 |
||